000 00775nam a2200253Ia 4500
003 OSt
005 20220930094322.0
006 a|||||r|||| 00| 0
007 ta
008 220926b |||||||| |||| 00| 0 eng d
020 _a9788186198773 (pbk)
_cIndian Rupees 450
024 _a69767
037 _bGift, 29/10/2021,
_cTheses
040 _aCRL
_cCRL
_beng
041 _2eng
_aeng
082 _aO142,3M28:g, 111Q9
100 _aMunjal Girish Ed.
_9555142
245 0 _aTolstory and Gandhi
_b philosophical horizons
260 _aNew
_bDelhi Gandhi Hindustani Sahitya Sabha India
_c2019
300 _axvi,148p.
_ap.
_ccm.
650 _aHistory
942 _hO142,3M28:g, 111Q9
_cDIS
_2CC
999 _c886915
_d886915